Mismanage waste at your own peril (Record no. 74696)

MARC details
000 -LEADER
fixed length control field 01031cab a2200241 4500
001 - CONTROL NUMBER
control field ABS68573
008 - FIXED-LENGTH DATA ELEMENTS--GENERAL INFORMATION
fixed length control field 041223n2004 000 0 eng u
035 ## - SYSTEM CONTROL NUMBER
System control number (Sirsi) u128407
100 ## - MAIN ENTRY--PERSONAL NAME
Personal name Johnson, G.
245 ## - TITLE STATEMENT
Title Mismanage waste at your own peril
260 ## - PUBLICATION, DISTRIBUTION, ETC.
Date of publication, distribution, etc. 2004
490 ## - SERIES STATEMENT
Series statement Farmers' Weekly
Volume/sequential designation 14125) 17 December 2004, 64-67(4)
520 ## - SUMMARY, ETC.
Summary, etc. Considers how farmers could comply with new agricultural waste regulations. Farmers will no longer be able to use farm pits to dispose of waste as it would be classified as a landfill and require a permit. Explains the waste regulations and sets out what is agricultural waste. Includes tips on recycling and dealing with waste material including hazardous material.
590 ## - LOCAL NOTE (RLIN)
Local note ABS
650 ## - SUBJECT ADDED ENTRY--TOPICAL TERM
Topical term or geographic name entry element WASTE REGULATIONS
650 ## - SUBJECT ADDED ENTRY--TOPICAL TERM
Topical term or geographic name entry element AGRICULTURAL WASTE
650 ## - SUBJECT ADDED ENTRY--TOPICAL TERM
Topical term or geographic name entry element LANDFILL REGULATIONS (ENGLAND AND WALES) 2002
650 ## - SUBJECT ADDED ENTRY--TOPICAL TERM
Topical term or geographic name entry element FARMING PRACTICES
650 ## - SUBJECT ADDED ENTRY--TOPICAL TERM
Topical term or geographic name entry element DIRECTIVE 75/442/EEC
650 ## - SUBJECT ADDED ENTRY--TOPICAL TERM
Topical term or geographic name entry element HAZARDOUS WASTE
690 ## - LOCAL SUBJECT ADDED ENTRY--TOPICAL TERM (OCLC, RLIN)
Topical term or geographic name as entry element RURAL-AGRICULTURE AND FORESTRY
942 ## - ADDED ENTRY ELEMENTS (KOHA)
Suppress in OPAC 0
Holdings
Withdrawn status Lost status Source of classification or shelving scheme Damaged status Not for loan Home library Current library Shelving location Date acquired Total Checkouts Full call number Barcode Date last seen Copy number Price effective from Koha item type
    Dewey Decimal Classification     London London Journal article 23/12/2004   ABS68573 128407-1001 06/08/2019 1 06/08/2019 Journal article